000 00750cam a2200253 a 4500
001 000007496
005 20200929154206.0
008 930921s1993 sp 000 f spa d
020 _a8433913689
035 _a(DLC) 93208633
040 _aDO-SdBNP
_cDLC
_dBNPHU
082 _a864.64
_bM379a
100 1 _aMartín Gaite, Carmen,
_d1925-2000.
_910633
245 1 0 _aAgua pasada :
_bartículos, prólogos y discursos /
_cCarmen Martín Gaite.
260 _aBarcelona :
_bAnagrama,
_cc1993.
300 _a410 p. ;
_c22 cm.
490 1 _aArgumentos
_v138
650 4 _aEnsayos españoles
_93095
650 4 _aLiteratura española
_9632
830 0 _aArgumentos ;
_v138
_98962
910 _aCatalogación por copia / LC
910 _aWM
049 _aBNGR
999 _c7277
_d7277